ARRUPE JESUIT UNIVERSITY

CORONAVIRUS -STOP THE SPREAD - CLEAN,DISINFECT,COVER

The Human rights reader / (Record no. 122750)

MARC details
000 -LEADER
fixed length control field 00875cam a2200301 i 4500
001 - CONTROL NUMBER
control field 26040
003 - CONTROL NUMBER IDENTIFIER
control field ARRUPE
005 - DATE AND TIME OF LATEST TRANSACTION
control field 20150528110137.0
008 - FIXED-LENGTH DATA ELEMENTS--GENERAL INFORMATION
fixed length control field 800708s1979 pau b 000 0 eng d
010 ## - LIBRARY OF CONGRESS CONTROL NUMBER
LC control number 79002782
020 ## - INTERNATIONAL STANDARD BOOK NUMBER
International Standard Book Number 0877221707
035 ## - SYSTEM CONTROL NUMBER
System control number (OCoLC)5747045
035 ## - SYSTEM CONTROL NUMBER
System control number (OCoLC)ocm05747045
035 ## - SYSTEM CONTROL NUMBER
System control number (CStRLIN)NYCG16926218-B
035 ## - SYSTEM CONTROL NUMBER
System control number (NNC)26040
040 ## - CATALOGING SOURCE
Original cataloging agency CtY
Transcribing agency CtY
Modifying agency NNC
050 ## - LIBRARY OF CONGRESS CALL NUMBER
Classification number JC571
Item number .H7698 1979
300 ## - PHYSICAL DESCRIPTION
Dimensions 21 cm.
245 04 - TITLE STATEMENT
Title The Human rights reader /
Statement of responsibility, etc edited by Walter Lacqueur and Barry Rubin.
260 ## - PUBLICATION, DISTRIBUTION, ETC. (IMPRINT)
Place of publication, distribution, etc Philadelphia :
Name of publisher, distributor, etc Temple University Press,
Date of publication, distribution, etc 1979.
300 ## - PHYSICAL DESCRIPTION
Extent 375 p. ;
504 ## - BIBLIOGRAPHY, ETC. NOTE
Bibliography, etc Bibliography: p. 330-375.
650 #0 - SUBJECT ADDED ENTRY--TOPICAL TERM
Topical term or geographic name as entry element Civil rights.
9 (RLIN) 2221
650 #0 - SUBJECT ADDED ENTRY--TOPICAL TERM
Topical term or geographic name as entry element Liberty.
9 (RLIN) 7967
700 1# - ADDED ENTRY--PERSONAL NAME
Personal name Laqueur, Walter,
Dates associated with a name 1921-
9 (RLIN) 17483
Relator term ed.
700 1# - ADDED ENTRY--PERSONAL NAME
Personal name Rubin, Barry,
Dates associated with a name 1941-
9 (RLIN) 17484
Relator term ed.
942 ## - ADDED ENTRY ELEMENTS (KOHA)
Source of classification or shelving scheme Library of Congress Classification
Koha item type Monograph ( Printed materials)
Holdings
Withdrawn status Lost status Source of classification or shelving scheme Damaged status Not for loan Collection code Home library Current library Shelving location Date acquired Total Checkouts Full call number Barcode Date last seen Price effective from Koha item type
    Library of Congress Classification     Main Collection ARRUPE LIBRARY ARRUPE LIBRARY Main Collection 22/04/2015   JC571.H7698 1979 46500002385 29/06/2018 22/04/2015 Monograph ( Printed materials)

 

Arrupe Library. PO Box MP320 Mt Pleasant, Harare, Zimbabwe
263 242 745411|librarian@aju.ac.zw